| 000 | 00626nam a2200193Ia 4500 | ||
|---|---|---|---|
| 003 | GCL | ||
| 008 | 140319s9999 xx 000 0 ara d | ||
| 020 | _a1473101977 | ||
| 040 |
_aGCL / _cGCL |
||
| 082 | 0 | 4 |
_a811.082 _bا ع |
| 100 | 1 | _aاحمد تيمور | |
| 245 | 1 | 0 |
_aالعصافير فى زيها القاهرى / _cاحمد تيمور |
| 250 | _aالاولى | ||
| 260 |
_aالقاهرة : _bالهيئة المصرية العامة للكتاب ، _c1996 |
||
| 300 |
_a169 ص ؛ _c19 سم |
||
| 650 | 0 | 4 | _aالشعر العربى |
| 650 | 0 | 4 | _aالشعر العربى - دواوين وقصائد |
| 942 |
_2ddc _cBK |
||
| 999 |
_c6865 _d6865 |
||